Las obligaciones de reportes financieros de los partidos políticos /
Enregistré dans:
| Auteur principal: | |
|---|---|
| Format: | Livre |
| Langue: | Spanish |
| Publié: |
San José, Costa Rica:
Editorial del Instituto de Formación y Estudios en Democracia del Tribunal Supremo de Elecciones,
2021
|
| Collection: | Serie Para Entender
N° 13 |
| Sujets: | |
| Accès en ligne: | https://www.tse.go.cr/pdf/publicaciones/Las-obligaciones-de-reportes-financieros-de-los-partidos-pol%C3%ADticos.pdf |
| Tags: |
Ajouter un tag
Pas de tags, Soyez le premier à ajouter un tag!
|
MARC
| LEADER | 00000nam a22000007a 4500 | ||
|---|---|---|---|
| 003 | cru CIDCACS/IIS | ||
| 005 | 20231211111324.0 | ||
| 008 | 200304t2021 cr |||||r|||||||| ||spa|d | ||
| 040 | |c cru CIDCACS/IIS |a cru CIDCACS/IIS | ||
| 090 | |a 04.04.02 V215o | ||
| 100 | |a Valverde Calderón, Guiselle |9 10493 | ||
| 245 | 1 | |a Las obligaciones de reportes financieros de los partidos políticos / |c Guiselle Valverde Calderón | |
| 260 | |a San José, Costa Rica: |b Editorial del Instituto de Formación y Estudios en Democracia del Tribunal Supremo de Elecciones, |c 2021 | ||
| 300 | |a 34 páginas : |b tablas | ||
| 440 | |9 9106 |a Serie Para Entender |v N° 13 | ||
| 650 | 0 | 0 | |9 413 |a PARTIDOS POLITICOS |
| 650 | 0 | 0 | |9 7904 |a CAMPAÑA ELECTORAL |
| 650 | 0 | 0 | |9 4723 |a ECONOMIA POLITICA |
| 651 | 0 | |9 32 |a COSTA RICA | |
| 856 | 4 | |u https://www.tse.go.cr/pdf/publicaciones/Las-obligaciones-de-reportes-financieros-de-los-partidos-pol%C3%ADticos.pdf | |
| 942 | |2 z |c LI |h 04.04.02 V215o |i 23103 |6 040402_V215O_23103 | ||
| 999 | |c 44329 |d 44329 | ||
